000 00353cam a22001097a 4500
008 180718b1957 xxu||||| |||| 00| 0 eng d
082 _aA32 In2
245 _aGlossary of parliamentary, legal and administrative terms
_cby Loksabha Secretariat
260 _aNew Delhi
_bLok Sabha Secretariat
_c1957
300 _a597p.
700 _aIndia. Loksabha Secretariat
999 _c390692
_d390692